Top 10 des meilleurs buteurs en Bundesliga au 21ème siècle - Statistiques

Statistiques générales
  • Ce quiz a été pris 200 fois
  • Le résultat moyen est 5 sur 10
Statistiques - réponses
Nombre de but Nationalité Joueur % Correct
312 Pologne Robert Lewandowski
99%
150 Allemagne Thomas Muller
91%
121 Allemagne Miroslav Klose
61%
170 Allemagne Mario Gomez
54%
156 Allemagne Marco Reus
53%
187 Pérou Claudio Pizarro
39%
119 Croatie Andrej Kramaric
32%
144 Allemagne Stefan Kießling
11%
127 Bosnie-Herzégovine Vedad Ibisevic
11%
111 Allemagne Kevin Kuranyi
2%
Aucun quiz correspondant
Distribution des résultats
% des personnes avec chaque résultat
Percentile par nombre de réponses
Votre historique - résultats
Vous n’avez pas pris ce quiz